| 000 | 00488nam a22001817a 4500 | ||
|---|---|---|---|
| 005 | 20230118122309.0 | ||
| 008 | 221220b |||||||| |||| 00| 0 eng d | ||
| 020 | _a978-9387506-72-5 | ||
| 041 | _aeng | ||
| 082 | _a615.1 ALL-AN | ||
| 100 |
_aALLEN, LOYD V. _96455 |
||
| 245 | _aANSEL'S PHARMACEUTICAL DOSAGE FORMS AND DRUG DELIVERY SYSTEMS | ||
| 250 | _a11th ed. | ||
| 260 | _bWOLTERS KLUWER | ||
| 300 | _a630;P. | ||
| 650 |
_a PHARMACY _xB.PHARMA & D.PHARMA _97472 |
||
| 942 | _cBK | ||
| 999 |
_c8144 _d8142 |
||